Państwa Europy według języków - Statystyki

Ogólne statystyki
  • Ten quiz został rozwiązany 1 187 razy
    77 od ostatniego zresetowania
  • Średni wynik to 40 z 45
Statystyki odpowiedzi
Lp. Odpowiedź % Poprawnych
5 Białoruś
100%
31 Polska
100%
39 Szwajcaria
100%
4 Belgia
98%
16 Hiszpania
98%
18 Irlandia
98%
23 Luksemburg
98%
33 Rosja
98%
3 Austria
97%
21 Liechtenstein
97%
29 Niemcy
97%
6 Bośnia i Hercegowina
95%
43 Watykan
95%
10 Czechy
94%
14 Francja
94%
26 Malta
94%
28 Monako
94%
32 Portugalia
94%
35 San Marino
94%
42 Ukraina
94%
46 Włochy
94%
15 Grecja
92%
30 Norwegia
92%
45 Wielka Brytania
92%
20 Kosowo
91%
37 Słowacja
91%
13 Finlandia
89%
36 Serbia
88%
11 Dania
86%
22 Litwa
86%
27 Mołdawia
86%
34 Rumunia
86%
40 Szwecja
86%
8 Chorwacja
85%
25 Macedonia Północna
85%
1 Albania
82%
7 Bułgaria
82%
38 Słowenia
82%
12 Estonia
80%
24 Łotwa
80%
44 Węgry
79%
19 Islandia
77%
9 Czarnogóra
71%
17 Holandia
65%
2 Andora
42%
Nie znaleziono quizów pasujących do podanych kryteriów
Rozkład punktacji
Procent ludzi z każdym wynikiem
Percentyl według liczby udzielonych odpowiedzi
Twoja historia wyników
Nie rozwiązałeś tego quizu od ostatniego zresetowania